Real-time Biomechanical Modeling for Intraoperative Soft Tissue Registration (Record no. 23795)
[ view plain ]
| 000 -LEADER | |
|---|---|
| fixed length control field | 00563nam a2200121Ia 4500 |
| 008 - FIXED-LENGTH DATA ELEMENTS--GENERAL INFORMATION | |
| fixed length control field | 220620s9999||||xx |||||||||||||| ||und|| |
| 100 ## - MAIN ENTRY--PERSONAL NAME | |
| Personal name | Suwelack, Stefan |
| 245 #0 - TITLE STATEMENT | |
| Title | Real-time Biomechanical Modeling for Intraoperative Soft Tissue Registration |
| 546 ## - LANGUAGE NOTE | |
| Language note | English[eng] |
| 650 ## - SUBJECT ADDED ENTRY--TOPICAL TERM | |
| Topical term or geographic name entry element | real-time finite elements||soft tissue modeling||echtzeitfähige finite Elemente||intraoperative Navigation||registration||Registrierung||intraoperative navigation||GPU||Weichgewebemodellierung||GPU computing |
| 856 ## - ELECTRONIC LOCATION AND ACCESS | |
| Uniform Resource Identifier | <a href="https://www.ksp.kit.edu/9783731503736">https://www.ksp.kit.edu/9783731503736</a> |
| 942 ## - ADDED ENTRY ELEMENTS (KOHA) | |
| Koha item type | E-Books |
| Withdrawn status | Lost status | Damaged status | Not for loan | Home library | Current library | Date acquired | Total Checkouts | Date last seen | Price effective from | Koha item type |
|---|---|---|---|---|---|---|---|---|---|---|
| Kerala University of Digital Sciences, Innovation and Technology Knowledge Centre | Kerala University of Digital Sciences, Innovation and Technology Knowledge Centre | 20/06/2022 | 20/06/2022 | 20/06/2022 | E-Books |